| 000 | 01708nam a22004577a 4500 | ||
|---|---|---|---|
| 001 | 000095261 | ||
| 003 | CHAP | ||
| 005 | 20220329143102.0 | ||
| 008 | 060217d2005 mx d r 00110 spa d | ||
| 010 | _a91727 | ||
| 011 | _a92699 | ||
| 035 | _a103264 | ||
| 040 | _cCHAP | ||
| 090 | _aTesis | ||
| 100 | 1 |
_aReyes Vázquez, Iván. _997016 |
|
| 245 | 1 | 0 |
_aImpacto del Programa Fomento Ganadero en el desarrollo de la ganadería del estado de Oaxaca / _c/por Iván Reyes Vázquez. |
| 260 |
_aChapingo, Méx. : _bEl autor, _c2005. |
||
| 300 |
_a80 h. : _bgráfs. ; cuadros. |
||
| 502 | _aTesis (Ing. Agr. Esp. en Zootecnia) -- UACH. Departamento de Zootecnia | ||
| 590 |
_aALEPH _b10 _c20130110 _lUCH01 _h1509 |
||
| 590 |
_aBATCH-UPD _b10 _c20130110 _lUCH01 _h0409 |
||
| 590 |
_aBATCH-UPD _b10 _c20130110 _lUCH01 _h2120 |
||
| 590 |
_aBATCH-UPD _b10 _c20130410 _lUCH01 _h0043 |
||
| 590 |
_aBATCH-UPD _b10 _c20130410 _lUCH01 _h1624 |
||
| 590 |
_aBATCH-UPD _b10 _c20130914 _lUCH01 _h1103 |
||
| 590 |
_aBATCH-UPD _b10 _c20140324 _lUCH01 _h1454 |
||
| 590 |
_aBATCH-UPD _b10 _c20141002 _lUCH01 _h0828 |
||
| 590 |
_aCONVERSION _b10 _c20130109 _lUCH01 _h1351 |
||
| 590 |
_aE12093SGE _b10 _c20130610 _lUCH01 _h1122 |
||
| 650 | 1 | 4 |
_aAlianza para el progreso. _94095 |
| 650 | 1 | 4 |
_aCrédito ganadero _zOaxaca. _929125 |
| 650 | 1 | 4 |
_aGanadería _xOaxaca. _944834 |
| 650 | 1 | 4 |
_aPolítica ganadera _zOaxaca. _990651 |
| 856 |
_3Finding aid _uhttp://10.13.5.2/tesis/103264.pdf _zTeclea aquí |
||
| 901 | _aBK | ||
| 905 | _aMarco A. Medoza T. | ||
| 942 | _cCD | ||
| 942 | _n0 | ||
| 949 |
_aTesis _bBC _cTES _d00000001032641 _eTS1 _gDonaciØn _h44671 _i103264 _sb |
||
| 949 |
_aTesis _bBC _cTES _d33724000980215 _eTS2 _fc.2 _gDonaciØn _h44672 _i103264 _sb |
||
| 999 |
_c91727 _d91727 |
||